000 00445nam a22001697a 4500
003 OSt
005 20211102083119.0
008 211102b |||||||| |||| 00| 0 eng d
020 _a0521388708
040 _cHU
082 _a339.9/MAS
100 _aMAS.COLELL.ANDREU
_916530
245 _aTHE.THERORY.OF GENERAL. ECONOMIC EQUILIBRIUM ADIFFERENTIABLE APPROACH
260 _aAMERICA
_bCANMBRIDGE
_c2001
300 _a373
942 _2ddc
_cBOOKS
_n0
999 _c16191
_d16191